000 01295cam a2200337Ii 4500
999 _c27217
_d27217
006 m o d
007 cr cnu|||unuuu
008 190711s2019 enk o 000 0 eng d
020 _a9781315206424
_q(electronic bk.)
020 _a1315206420
_q(electronic bk.)
020 _a9781351796965
_q(electronic bk. : Mobipocket)
020 _a1351796968
_q(electronic bk. : Mobipocket)
020 _a9781351796972
_q(electronic bk. : EPUB)
020 _a1351796976
_q(electronic bk. : EPUB)
020 _a9781351796989
_q(electronic bk. : PDF)
020 _a1351796984
_q(electronic bk. : PDF)
040 _aOCoLC-P
_beng
_erda
_epn
082 0 4 _a333.9164
_223
100 1 _aAlexander, Karen A.
245 1 0 _aConflicts over Marine and Coastal Common Resources :
_bCauses, Governance and Prevention /
_cKaren A. Alexander.
250 _aFirst edition.
260 _aLondon
_bTaylor & Francis Group
_c2019
300 _a1 online resource (xiv, 164 pages).
490 0 _aEarthscan oceans
650 0 _aMarine resources
_xManagement.
650 0 _aMarine resources conservation.
650 0 _aFishery law and legislation.
856 4 0 _uhttps://www.taylorfrancis.com/books/9781315206424
856 4 2 _uhttp://www.oclc.org/content/dam/oclc/forms/terms/vbrl-201703.pdf
942 _cEBK